[Event "Rio Hondo"]
[Site "Rio Hondo"]
[Date "1987.??.??"]
[Round "10"]
[White "Bronstein, Luis"]
[Black "Cifuentes Parada, Roberto"]
[Result "0-1"]
[WhiteElo "2410"]
[BlackElo "2490"]

1.e4 c5 2.Nf3 d6 3.Bb5+ Bd7 4.Bxd7+ Qxd7 5.c4 Nc6 6.d4 cxd4 7.Nxd4 Nf6 8.Nc3 e6
9.O-O Be7 10.Be3 O-O 11.Qe2 Rfd8 12.Rfd1 b6 13.Rac1 Rac8 14.b3 Qb7 15.f3 Ne5
16.Kh1 a6 17.a4 Re8 18.Qf2 Bf8 19.Nde2 Nfd7 20.Ng3 Nc5 21.Qc2 g6 22.Bd4 Bh6
23.Rb1 Qe7 24.Qe2 Qc7 25.Be3 Bg7 26.Bd4 f6 27.f4 Nc6 28.Bxc5 dxc5 29.Qg4 f5
30.Qf3 Bxc3 31.Qxc3 Qxf4 32.Rd7 Qe5 33.Qxe5 Nxe5 34.Rd6 Rc6 35.Rbd1 Kf7 36.Rxc6 Nxc6
37.Rd7+ Re7 38.Rd6 Rc7 39.Kg1 Kf6 40.Kf2 Ke5  0-1

[Event "ARG-ch"]
[Site "Salta"]
[Date "1987.??.??"]
[Round "4"]
[White "Bronstein, Luis"]
[Black "Hoffman, Alejandro"]
[Result "1-0"]
[WhiteElo "2410"]
[BlackElo "2315"]

1.e4 c5 2.Nf3 d6 3.Bb5+ Bd7 4.Bxd7+ Qxd7 5.c4 Nc6 6.d4 cxd4 7.Nxd4 Nf6 8.Nc3 Nxd4
9.Qxd4 g6 10.O-O Bg7 11.b3 O-O 12.Bb2 e6 13.Rad1 Rfd8 14.Qe3 Qc6 15.Rfe1 a6
16.Qf3 Nd7 17.Rc1 Rac8 18.Qe2 Nc5 19.Nd1 Be5 20.f3 h5 21.Kh1 Qc7 22.Nf2 Qe7
23.Red1 Bf4 24.Rc2 Qh4 25.Nh3 e5 26.Nxf4 Qxf4 27.Rcd2 Rc6 28.Rd5 f6 29.Bc1 Qh4
30.Be3 Ne6 31.c5 f5 32.Qc4 fxe4 33.Qxe4 Qxe4 34.fxe4 Ng7 35.Rxd6 Rcxd6 36.Rxd6 Rxd6
37.cxd6 Ne6 38.d7 Kf7 39.Bg5  1-0

[Event "ARG-ch"]
[Site "Salta"]
[Date "1987.??.??"]
[Round "10"]
[White "Bronstein, Luis"]
[Black "Glavina, Pablo"]
[Result "1/2-1/2"]
[WhiteElo "2410"]
[BlackElo "2255"]

1.e4 c5 2.Nf3 d6 3.Bb5+ Nd7 4.d4 a6 5.Bxd7+ Bxd7 6.O-O Qc7 7.Nc3 e6 8.a4 cxd4
9.Qxd4 Nf6 10.Bg5 Be7 11.Rad1 Rd8 12.Rd3 Bc6 13.Nd5 Bxd5 14.exd5 e5 15.Qb4 O-O
16.Rc3 Qd7 17.Bxf6 Bxf6 18.Nd2 Rc8 19.Rxc8 Rxc8 20.Nc4 Rc5 21.Qb3 h6 22.h3 Be7
23.c3 Bf8 24.Rd1 f5 25.Nb6 Qf7 26.Qa3 Qh5 27.Re1 Rc7 28.c4 Rf7 29.b4 e4 30.Qe3 Be7
31.c5 Bg5 32.Qe2 Qg6 33.Nc4 Bf4 34.Ne3 Qf6 35.Qc4 Kh7 36.c6 b5 37.axb5 axb5
38.Qxb5 Qc3 39.Qe2 Qxb4 40.Rd1 Be5 41.Qc4 Qb6 42.Rc1 Qc7 43.Rb1 Qa7 44.Rc1 Qc7
45.Qe2 Bd4 46.h4 Bc5 47.h5 Qe7 48.Rxc5 dxc5 49.Nc4 f4 50.d6 f3 51.Qc2 Qe6
52.d7 Rf8 53.Qd2 Qxc4 54.d8=Q Rxd8 55.Qxd8 Qc1+ 56.Kh2 Qf1 57.gxf3 Qxf2+
58.Kh3 Qxf3+ 59.Kh4 Qf4+ 60.Kh3 Qf5+ 61.Kg2  1/2-1/2

[Event "Tashkent"]
[Site "Tashkent"]
[Date "1987.??.??"]
[Round "?"]
[White "Kuzmin, Alexey"]
[Black "Serper, Grigory"]
[Result "1-0"]
[WhiteElo "2415"]
[BlackElo "2450"]

1.e4 c5 2.Nf3 d6 3.Bb5+ Bd7 4.Bxd7+ Nxd7 5.O-O Ngf6 6.Qe2 e6 7.b3 Be7 8.Bb2 O-O
9.d3 Nb8 10.d4 Nc6 11.dxc5 dxc5 12.Nbd2 Qc7 13.Nc4 Rfd8 14.a4 Qf4 15.Rfe1 Nd4
16.Nxd4 cxd4 17.g3 Qc7 18.e5 Ne8 19.Red1 Bc5 20.Qg4 Rd5 21.Bxd4 h5 22.Qe4 Rad8
23.c3 Bxd4 24.Rxd4 Rxd4 25.cxd4 Qe7 26.Rd1 Qb4 27.Rd3 g6 28.Kg2 Rd7 29.Ne3 Qe1
30.d5 exd5 31.Rxd5 Re7 32.Qd4 Ng7 33.Qxa7 Kh7 34.Qc5 Re6 35.Qf8 Qa1 36.Rd8 g5
37.Nc4 Qb1 38.Qxf7 g4 39.Nd2 Qb2 40.Rd7 Qxe5 41.a5 Rh6 42.Rd5 Qe1 43.Rg5 Qa1
44.Ne4  1-0

[Event "Tashkent"]
[Site "Tashkent"]
[Date "1987.??.??"]
[Round "?"]
[White "Zagrebelny, Sergey"]
[Black "Loginov, Valery A"]
[Result "1/2-1/2"]
[WhiteElo "2270"]
[BlackElo "2355"]

1.e4 c5 2.Nf3 d6 3.Bb5+ Bd7 4.Bxd7+ Qxd7 5.O-O Nc6 6.c3 Nf6 7.Re1 e6 8.d4 cxd4
9.cxd4 d5 10.e5 Ne4 11.Nbd2 Nxd2 12.Bxd2 Be7 13.Bg5 Bb4 14.Bd2 Be7 15.Bg5 Bb4
16.Bd2  1/2-1/2

[Event "Tel Aviv"]
[Site "Tel Aviv"]
[Date "1987.??.??"]
[Round "?"]
[White "Elyoseph, Harel"]
[Black "Gradstein, Mark"]
[Result "1-0"]
[WhiteElo "2315"]
[BlackElo "2290"]

1.e4 c5 2.Nf3 d6 3.Bb5+ Bd7 4.Bxd7+ Nxd7 5.O-O Ngf6 6.Re1 e6 7.c4 Be7 8.b3 O-O
9.Bb2 Qc7 10.d4 cxd4 11.Nxd4 a6 12.Nc3 Rfe8 13.Qd2 Rad8 14.Rac1 Ne5 15.Kh1 Qb8
16.f4 Nc6 17.f5 Nxd4 18.Qxd4 b5 19.fxe6 fxe6 20.Rf1 Qb7 21.Rce1 Ng4 22.cxb5 axb5
23.Qd3 Bh4 24.g3 Bf6 25.Qe2 b4 26.Qxg4 bxc3 27.Rxf6 cxb2 28.Rb1 Qc8 29.Rf2 Qc1+
30.Qd1 Rc8 31.Rfxb2 Qe3 32.Qe2 Rc1+ 33.Rxc1 Qxc1+ 34.Kg2  1-0

[Event "Tirnavia-B"]
[Site "Trnava"]
[Date "1987.??.??"]
[Round "7"]
[White "Franzen, Josef"]
[Black "Raicevic, Momcilo"]
[Result "0-1"]
[WhiteElo "2365"]
[BlackElo "2390"]

1.e4 c5 2.Nf3 d6 3.Bb5+ Bd7 4.Bxd7+ Qxd7 5.c4 g6 6.d4 cxd4 7.Nxd4 Bg7 8.Be3 Nf6
9.f3 Nc6 10.Nc3 Rc8 11.b3 O-O 12.O-O Ne8 13.Qd2 Nc7 14.Rac1 Ne6 15.Nxe6 Qxe6
16.Kh1 Rfe8 17.Nd5 b6 18.Rce1 Qd7 19.Bh6 Bh8 20.Bg5 Nd4 21.Be3 Ne6 22.f4 Nc7
23.Bd4 Bxd4 24.Qxd4 Nxd5 25.cxd5 Rc2 26.f5 f6 27.fxg6 hxg6 28.e5 f5 29.Qf4 dxe5
30.Rxe5 Qd6 31.Rfe1 Rec8 32.h3 Rc1 33.Qe3 Rxe1+ 34.Qxe1 Rc1 35.Qxc1 Qxe5
36.Qc6 Kf7 37.a4 Qd6 38.Qc4 Kf6 39.Qd4+ e5 40.Qh4+ Kg7 41.Qc4 Kf7 42.b4 e4
43.Kg1 Ke7 44.Qc6 e3 45.Qc3 Qg3 46.Kh1 Qf4 47.Qc6 Qe5 48.Qb7+ Kf8 49.Qc8+ Kf7
50.Qd7+ Qe7  0-1

[Event "Tuzla Interzonal (Women)"]
[Site "Tuzla"]
[Date "1987.??.??"]
[Round "6"]
[White "Canela, Teresa"]
[Black "Sakhatova, Gulnar"]
[Result "0-1"]
[WhiteElo "2100"]
[BlackElo "2350"]

1.e4 c5 2.Nf3 d6 3.Bb5+ Bd7 4.Bxd7+ Nxd7 5.O-O Ngf6 6.Qe2 e6 7.c4 Be7 8.d4 cxd4
9.Nxd4 O-O 10.Nc3 a6 11.Be3 Rc8 12.Rac1 Qc7 13.b3 Nc5 14.f3 Rfe8 15.Qd2 Red8
16.Qe2 Qb8 17.Bf2 Nh5 18.Be3 g6 19.f4 Nf6 20.Qf3 b5 21.f5 b4 22.Nde2 bxc3  0-1

[Event "Warsaw zt-B"]
[Site "Warsaw"]
[Date "1987.??.??"]
[Round "?"]
[White "Georgiev, Krum"]
[Black "Ftacnik, Lubomir"]
[Result "1/2-1/2"]
[WhiteElo "2470"]
[BlackElo "2540"]

1.e4 c5 2.Nf3 d6 3.Bb5+ Bd7 4.Bxd7+ Qxd7 5.O-O Nc6 6.c4 g6 7.d4 cxd4 8.Nxd4 Bg7
9.Be3 Nf6 10.f3 O-O 11.Nc3 Rfc8 12.Nde2 Qd8 13.Rc1 a6 14.Nf4 Rab8 15.Qe2 Nd7
16.Rfd1 Qf8 17.Nfd5 b6 18.Na4 b5 19.cxb5 axb5 20.Nac3 b4 21.Na4 e6 22.Ndb6 Nxb6
23.Nxb6 Nd4 24.Qd2 Rxb6 25.Bxd4 Bxd4+ 26.Qxd4 Rxc1 27.Rxc1 Qb8 28.Qc4 Qb7  1/2-1/2

[Event "Zenica"]
[Site "Zenica"]
[Date "1987.??.??"]
[Round "?"]
[White "Kobas, Adnan"]
[Black "Marjanovic, Slavoljub"]
[Result "1/2-1/2"]
[WhiteElo "2335"]
[BlackElo "2505"]

1.e4 c5 2.Nf3 d6 3.Bb5+ Bd7 4.Bxd7+ Nxd7 5.c4 g6 6.O-O Bg7 7.Nc3 Rc8 8.d3 Ngf6
9.Re1 O-O 10.h3 Ne5 11.Bg5 h6 12.Bh4 Nfd7 13.Nd5 Re8 14.Nxe5 dxe5 15.f3 Nb8
16.a3 Nc6 17.Rb1 b6 18.b4 g5 19.Bf2 e6 20.Nc3 cxb4 21.axb4 Re7 22.b5 Na5
23.Qe2 Rd7 24.Red1 Bf8 25.Na2 Nb7 26.Nb4 Bxb4 27.Rxb4 Nc5 28.Bxc5 Rxc5 29.Ra4 Rcc7
30.Qb2 Rd4 31.Rda1 Qd7 32.R1a3 Rxd3 33.Rxd3 Qxd3 34.Qxe5 Qd1+ 35.Kh2 Qxa4
36.Qxc7 Qa1 37.c5 bxc5 38.Qxc5 Kg7 39.e5 Qe1 40.Qd4 Qe2 41.Qc5 Kg6 42.Kh1 h5
43.Qxa7 Qxb5 44.Qd4 Qd5 45.Qe3 h4 46.Qc3 Qd1+ 47.Kh2 Qa4 48.Qd3+ Kh6 49.Qd6 Qf4+
50.Kg1 Qe3+ 51.Kh2 Kg6 52.Qc7 Qe1 53.Qc2+ Kh6 54.Qc7 Qg3+ 55.Kg1 f6 56.Qf7 Qe1+
57.Kh2 Qxe5+ 58.Kg1 f5 59.Qf8+ Qg7 60.Qe8 Qf6 61.Kh2 Kg7 62.Qd7+ Qf7 63.Qd8 Kg6
64.Qh8 Qc7+ 65.Kg1 Qc1+ 66.Kf2 Qd2+ 67.Kf1 Kf7 68.Qh7+ Kf6 69.Qh8+ Ke7 70.Qg7+ Kd6
71.Qf8+ Ke5 72.Qb8+ Qd6 73.Qb2+ Kf4 74.Qc1+ Kg3 75.Kg1 Qd4+ 76.Kh1 f4 77.Qe1+ Qf2
78.Qg1 Qd2 79.Qh2+ Kf2 80.Qg1+ Ke2 81.Qc5 Qe3 82.Qxg5 e5 83.Qg6 Qc3  1/2-1/2

[Event "Wch U20"]
[Site "Adelaide"]
[Date "1988.??.??"]
[Round "3"]
[White "Wahls, Matthias"]
[Black "Gelfand, Boris"]
[Result "1/2-1/2"]
[WhiteElo "2460"]
[BlackElo "2585"]

1.e4 c5 2.Nf3 d6 3.Bb5+ Nc6 4.O-O Bd7 5.Re1 a6 6.Bf1 g6 7.c3 Bg7 8.d4 cxd4
9.cxd4 Bg4 10.d5 Ne5 11.Qb3 Bxf3 12.gxf3 Qc7 13.Bg5 Nf6 14.Nd2 O-O 15.f4 Ned7
16.Rac1 Qb8 17.Bh3 Nc5 18.Qf3 Kh8 19.Nc4 e6 20.Nb6 exd5 21.exd5 a5 22.Nxa8 Qxa8
23.f5 b5 24.Bg2 Qc8 25.Bh3 Qb7 26.Rc2 Qxd5 27.Qxd5 Nxd5 28.Rd1 Ne4 29.Rxd5 Nxg5
30.Bg2 gxf5 31.Rxb5 Be5 32.Rxa5 Rg8 33.Kf1 Rg6 34.b4 f4 35.Bd5 Nh3 36.Ke2 Rg1
37.Ra3 Ng5 38.h4 f3+ 39.Bxf3 Ne6 40.Rc8+ Kg7 41.Re3 Rb1 42.a3 Nd4+ 43.Kd3 Nf5
44.Rxe5 dxe5 45.Rc4 Nd6 46.Rc5 Rb3+ 47.Rc3 Rb2 48.Bc6  1/2-1/2

[Event "Wch U20"]
[Site "Adelaide"]
[Date "1988.??.??"]
[Round "11"]
[White "Wahls, Matthias"]
[Black "Serper, Grigory"]
[Result "1/2-1/2"]
[WhiteElo "2460"]
[BlackElo "2435"]

1.e4 c5 2.Nf3 d6 3.Bb5+ Bd7 4.Bxd7+ Nxd7 5.O-O Ngf6 6.Qe2 e6 7.c3 Be7 8.d4 O-O
9.e5 Ne8 10.dxc5 Nxc5 11.Rd1 Qc7 12.exd6 Nxd6 13.Bf4 Rad8 14.c4 Bf6 15.Na3 Qc6
16.Be5 Qe4 17.Qxe4 Ndxe4 18.Bxf6 Nxf6 19.Nb5 a6 20.Nd6 Nfe4 21.Nxe4 Nxe4
22.Ne5 Nd2 23.b3 f6 24.Ng4 Ne4 25.Kf1 Kf7 26.f3 Nc5 27.Ne3 e5 28.Rd5 Rxd5
29.cxd5 Ke7 30.Nf5+ Kd7 31.Nxg7 Kd6 32.g4 Rf7 33.Nf5+ Kxd5 34.Rd1+ Kc6 35.Rd6+ Kb5
36.Ne3 Kb4 37.Rd8  1/2-1/2

[Event "Almada"]
[Site "Almada"]
[Date "1988.??.??"]
[Round "6"]
[White "Frois, Antonio"]
[Black "Santos, Luis"]
[Result "1/2-1/2"]
[WhiteElo "2340"]
[BlackElo "2395"]

1.e4 c5 2.Nf3 d6 3.Bb5+ Nc6 4.O-O Bd7 5.Re1 a6 6.Bxc6 Bxc6 7.d4 cxd4 8.Qxd4 Nf6
9.Nc3 e6 10.Bg5 Be7 11.Rad1  1/2-1/2

[Event "OHRA-B"]
[Site "Amsterdam"]
[Date "1988.??.??"]
[Round "?"]
[White "Bosboom, Manuel"]
[Black "Ftacnik, Lubomir"]
[Result "1/2-1/2"]
[WhiteElo "2385"]
[BlackElo "2590"]

1.e4 c5 2.Nf3 d6 3.Bb5+ Nd7 4.c3 Nf6 5.Qe2 a6 6.Ba4 Qc7 7.O-O c4 8.Bc2 e5
9.a4 Qc6 10.Na3 b5 11.axb5 axb5 12.d3 Bb7 13.Bg5 Nb6 14.Bxf6 gxf6 15.dxc4 bxc4
16.Nd2 d5 17.exd5 Nxd5 18.Be4 Bxa3 19.Nxc4 Ke7 20.Bxd5 Qxd5 21.Ne3 Qc6 22.bxa3 Rhg8
23.f3 Qc5 24.Rfb1 Ba6 25.Qf2 Rgc8 26.Rb6 Kf8 27.Rxf6 Qxc3 28.Re1 Qxa3 29.f4 Rc1
30.fxe5 Rxe1+ 31.Qxe1 Bc8 32.Rf1 Qc5 33.Qg3 Ra3 34.Re1 Qc3 35.h3 Be6 36.Kh2 Ra5
37.Nf1 Qxg3+ 38.Nxg3 Kg7 39.Re3 Kg6 40.Ne2 Kg7 41.Nf4 Kh6 42.g4 Kg7 43.Kg3 h6
44.Nh5+ Kg6 45.Nf6 Rb5 46.h4 Rb3 47.Rxb3 Bxb3 48.h5+ Kg7 49.Kf4 Bd1 50.g5 Be2
51.Ng4 hxg5+ 52.Kxg5 Bd1 53.Nf6 Bb3 54.Ne4 Bc2 55.Nc5 Bb1 56.Nd7 Bc2 57.Nf6 Bb3
58.h6+ Kh8 59.Kg4 Bc2 60.Kf4 Bb3 61.Ke3 Bc2 62.Kd2 Bb3 63.Kc3 Ba2 64.Kb4 Bb1
65.Kc5 Ba2 66.Kb6 Bb3  1/2-1/2

[Event "Mitropa-Cup"]
[Site "Aosta"]
[Date "1988.??.??"]
[Round "?"]
[White "Sharif, Mershad"]
[Black "Mantovani, Renzo"]
[Result "1-0"]
[WhiteElo "2450"]
[BlackElo "2410"]

1.e4 c5 2.Nf3 d6 3.Bb5+ Nd7 4.d4 Nf6 5.Nc3 cxd4 6.Qxd4 g6 7.e5 dxe5 8.Nxe5 Bg7
9.Bg5 O-O 10.O-O-O Qa5 11.Nc4 Qc7 12.Rhe1 Qxh2 13.Rxe7 a6 14.Bxd7 Nxd7 15.Qe3 b5
16.Qf3 Rb8 17.Bf4 Bh6 18.Bxh6 Qxh6+ 19.Ne3 Bb7 20.Nd5 Bxd5 21.Rxd5 Nb6 22.Rd6 Nc8
23.Red7 Nxd6 24.Rxd6 Rbd8 25.Qf6 Rxd6 26.Qxd6 Qh1+ 27.Kd2 Qh4 28.Ke2 Rd8
29.Qxa6 Qd4 30.Qxb5 Qd2+ 31.Kf3 h5 32.Qe5 Qd7 33.c4 Qc8 34.b3 Rd3 35.Ke2 Qd7
36.Nd5 Rxd5 37.Qxd5  1-0

[Event "NOR-ch"]
[Site "Asker"]
[Date "1988.??.??"]
[Round "4"]
[White "Djurhuus, Rune"]
[Black "Bjerke, Richard"]
[Result "1-0"]
[WhiteElo "2305"]
[BlackElo "2320"]

1.e4 c5 2.Nf3 d6 3.Bb5+ Bd7 4.Bxd7+ Qxd7 5.c4 Nc6 6.Nc3 e6 7.d4 cxd4 8.Nxd4 Be7
9.Be3 Nf6 10.O-O O-O 11.f3 a6 12.Rc1 Rac8 13.b3 Qd8 14.Qd2 Kh8 15.Rfd1 Qa5
16.Qe2 b5 17.Nb1 Nxd4 18.Rxd4 e5 19.Rdd1 bxc4 20.bxc4 Qa4 21.Nd2 Rb8 22.Nb3 Qa3
23.Rd3 Qa4 24.c5 dxc5 25.Nxc5 Bxc5 26.Bxc5 Rfc8 27.Rdc3 h6 28.Qc2 Qxc2 29.R3xc2 Rb5
30.Bd6 Rxc2 31.Rxc2 Kh7 32.Kf2 Ne8 33.Be7 Rb7 34.Bf8 Nf6 35.Bd6 Rb5 36.a4 Ra5
37.Ra2  1-0

[Event "URS-ch otbor56"]
[Site "Barnaul"]
[Date "1988.??.??"]
[Round "?"]
[White "Kudriashov, Anatoli"]
[Black "Kengis, Edvins"]
[Result "0-1"]
[WhiteElo "2390"]
[BlackElo "2470"]

1.e4 c5 2.Nf3 d6 3.Bb5+ Nd7 4.O-O a6 5.Bxd7+ Bxd7 6.d4 cxd4 7.Qxd4 e5 8.Qd3 h6
9.c4 Be7 10.Nc3 Nf6 11.b3 O-O 12.Re1 Rb8 13.a4 b5 14.axb5 axb5 15.cxb5 Qb6
16.Nd2 Bxb5 17.Nxb5 Qxb5 18.Qxb5 Rxb5 19.Ba3 Rd8 20.f3 Ne8 21.Rab1 Nc7 22.Nc4 Ne6
23.Red1 Nd4 24.Kf2 f6 25.f4 Kf7 26.g3 Ke6 27.Rd3 Ra8 28.Kf1 Ra6 29.Bb2 Rc6
30.Bxd4 Rxc4 31.fxe5 fxe5 32.Bf2 Rxe4  0-1

[Event "Beersheba"]
[Site "Beersheba"]
[Date "1988.??.??"]
[Round "?"]
[White "Rechlis, Gad"]
[Black "Mestel, A Jonathan"]
[Result "0-1"]
[WhiteElo "2475"]
[BlackElo "2510"]

1.e4 c5 2.Nf3 d6 3.Bb5+ Nd7 4.d4 Nf6 5.Nc3 a6 6.Bxd7+ Nxd7 7.O-O e6 8.dxc5 Nxc5
9.Bf4 Qc7 10.Qd2 b5 11.b4 Nd7 12.Rfd1 Bb7 13.Bxd6 Bxd6 14.Qxd6 Rc8 15.Qd4 Nf6
16.Rd3 O-O 17.Rad1 Qc4 18.Qxc4 Rxc4 19.Ne5 Rxb4 20.f3 Rb2 21.R1d2 b4 22.Na4 Rxa2
23.Nc5 Ra5 24.Ned7 Nxd7 25.Nxd7 Re8 26.Rd6 Rb5 27.Nb8 a5 28.Na6 Bxa6 29.Rxa6 Rc5
30.Ra7 g6 31.Rdd7 Rf8 32.Rdb7 Rxc2 33.Rxa5 Rd8 34.h4 Rdd2 35.Ra8+ Kg7 36.Raa7 Rxg2+
37.Kh1 Rh2+ 38.Kg1 Rxh4 39.Rxf7+ Kh6 40.Rxh7+ Kg5 41.Ra5+ e5 42.Rf7 b3  0-1

[Event "GMA-Open"]
[Site "Belgrade"]
[Date "1988.??.??"]
[Round "?"]
[White "Popa, Valentin"]
[Black "Arnason, Jon L"]
[Result "1/2-1/2"]
[WhiteElo "2375"]
[BlackElo "2535"]

1.e4 c5 2.Nf3 d6 3.Bb5+ Bd7 4.Bxd7+ Nxd7 5.O-O Ngf6 6.Nc3 e6 7.a4 Be7 8.a5 a6
9.d3 O-O 10.Re1 d5 11.Bg5 h6 12.Bh4 Re8 13.exd5 exd5 14.Ne5 d4 15.Bxf6 Nxf6
16.Ne4 Nxe4 17.Rxe4 Bd6 18.Nc4 Rxe4 19.dxe4 Bc7 20.g3 Qd7 21.Qd3 Re8 22.b3 Qc6
23.Re1 Qb5 24.Ra1 Qc6 25.Re1 Qb5 26.Ra1 Qc6  1/2-1/2

[Event "Berlin op"]
[Site "Berlin-West"]
[Date "1988.??.??"]
[Round "3"]
[White "Kraut, Rainer"]
[Black "Glienke, Manfred"]
[Result "1-0"]
[WhiteElo "2390"]
[BlackElo "2295"]

1.e4 c5 2.Nf3 d6 3.Bb5+ Nd7 4.d4 cxd4 5.Qxd4 a6 6.Bxd7+ Bxd7 7.Nc3 e6 8.Bg5 Nf6
9.O-O-O Be7 10.e5 dxe5 11.Nxe5 Bc6 12.Qxd8+ Bxd8 13.Nxc6 bxc6 14.Bxf6 gxf6
15.Rd3 Rg8 16.g3 Be7 17.Rhd1 Ra7 18.Ne4 Rg4 19.f3 Rg6 20.Rc3 Rc7 21.Rb3 Kf8
22.Rb8+ Kg7 23.Nd6 Bxd6 24.Rxd6 Rh6 25.Rd2 Rh5 26.Ra8 a5 27.b3 Rf5 28.f4 Rc5
29.Rd4 h5 30.Ra4 h4 31.R4xa5 hxg3 32.hxg3 Rc3 33.R5a7 Rxa7 34.Rxa7 Rxg3 35.a4 e5
36.fxe5 fxe5 37.a5 c5 38.Rc7 Rg6 39.Rxc5 Re6 40.b4 f5 41.b5 f4 42.b6 e4 43.Rc3 e3
44.b7 e2 45.b8=Q e1=Q+ 46.Kb2 Qe5 47.Qxe5+ Rxe5 48.Rf3 Rb5+ 49.Kc3 Rc5+ 50.Kb3 Rxa5
51.Rxf4  1-0

[Event "Berlin op"]
[Site "Berlin-West"]
[Date "1988.??.??"]
[Round "3"]
[White "Reichenbach, Werner"]
[Black "Zlatilov, Ivailo"]
[Result "0-1"]
[WhiteElo "2265"]
[BlackElo "2365"]

1.e4 c5 2.Nf3 d6 3.Bb5+ Bd7 4.Bxd7+ Qxd7 5.c3 Nf6 6.d3 e6 7.O-O Nc6 8.Re1 Be7
9.Nbd2 O-O 10.Nf1 Ne5 11.Ng3 Rac8 12.h3 Rfd8 13.Qe2 b6 14.Nh2 Qb7 15.f4 Ng6
16.f5 Nf8 17.Rf1 h6 18.Bd2 N8h7 19.Rae1 b5 20.Bc1 e5 21.c4 Qa6 22.b3 Qb7
23.Nh1 a5 24.g4 a4 25.h4 axb3 26.axb3 Ne8 27.Nf3 bxc4 28.bxc4 f6 29.Qg2 Ra8
30.Be3 Rdb8 31.Nf2 Ra2 32.Qg3 Qa7 33.Rb1 Rxb1 34.Rxb1 Ra1 35.Rxa1 Qxa1+ 36.Kh2 Qf1
37.Qg1 Qe2 38.Kg2 Qxe3 39.Qd1 h5 40.Qa4 Kf7 41.gxh5 Qh6 42.Qd1 Kf8 43.Ng1 Qf4
44.Ng4 Ng5 45.hxg5 Qxg5 46.Kg3 Qxh5 47.Nf3 g5 48.fxg6 f5 49.exf5 Qxf5 50.Qd2 Qxg6
51.Qh6+ Kf7 52.Qxg6+ Kxg6 53.Ne3 Bg5 54.Nd5 Kf5 55.Kf2 Bf4 56.Nh4+ Kg5 57.Nf3+ Kg4
58.Ke2 Kf5 59.Nh4+ Kg5 60.Nf3+ Kg4 61.Kf2 Bg5 62.Nh2+ Kf5 63.Nf3 Ng7 64.Nc3 Bf4
65.Ne4 Ke6 66.Nh4 Nh5 67.Ke2 Bh6 68.Kd1 Be3 69.Ke2 Bc1 70.Kd1 Be3 71.Ke2 Bh6
72.Kd1 Bf8 73.Kc2 Nf4 74.Ng5+ Kd7 75.Nhf3 Be7 76.Ne4 Ke6 77.Nc3 Bd8 78.Nd5 Be7
79.Nc3 Kf5 80.Nd2 Kg4 81.Nd5 Bf8 82.Ne4 Kf3 83.Nd2+ Kf2 84.Nc3 Ke1 85.Nf3+ Kf2
86.Nd2 Ng2 87.Nd1+ Ke2 88.Nc3+ Kf2 89.Nd1+ Ke1 90.Ne4 Ke2 91.Nec3+ Kf1 92.Ne4 Ne1+
93.Kd2 Bh6+ 94.Kc3 Ke2 95.Nb2 Bc1  0-1

[Event "Berlin op"]
[Site "Berlin-West"]
[Date "1988.??.??"]
[Round "6"]
[White "Bednarski, Jacek B"]
[Black "Komljenovic, Davor"]
[Result "0-1"]
[WhiteElo "2375"]
[BlackElo "2450"]

1.e4 c5 2.Nf3 d6 3.Bb5+ Nd7 4.c3 Nf6 5.Qe2 a6 6.Ba4 e5 7.O-O Be7 8.d4 O-O
9.dxe5 dxe5 10.c4 Nb6 11.Bc2 Bg4 12.b3 Nfd7 13.Bb2 f6 14.Nc3 Nb8 15.Rad1 N6d7
16.h3 Be6 17.Nd5 Nc6 18.Nh4 Re8 19.Nxe7+ Qxe7 20.Nf5 Qf8 21.f4 Nd4 22.Bxd4 cxd4
23.fxe5 Qc5 24.Bd3 Nxe5 25.Ng3 Rad8 26.Kh1 a5 27.Nh5 Bf7 28.Nf4 Bg6 29.Nxg6 hxg6
30.Bb1 Rd6 31.Qf2 b6 32.Rd2 Red8 33.Rfd1 R8d7 34.Kg1 Kf7 35.Bd3 g5 36.Kh1 g6
37.Qg3 Kg7 38.Rf2 Rd8 39.Rdf1 Qc7 40.Kg1 Qe7 41.Re1 Rh8 42.Rd2  0-1

[Event "Berlin op"]
[Site "Berlin-West"]
[Date "1988.??.??"]
[Round "7"]
[White "Kraut, Rainer"]
[Black "Perenyi, Bela"]
[Result "1/2-1/2"]
[WhiteElo "2390"]
[BlackElo "2455"]

1.e4 c5 2.Nf3 d6 3.Bb5+ Nc6 4.O-O Bg4 5.h3 Bh5 6.c3 a6 7.Bxc6+ bxc6 8.d4 cxd4
9.cxd4 e6 10.Be3 Nf6 11.Nbd2 Be7 12.Qa4 Qd7 13.e5 c5 14.Qxd7+ Nxd7 15.exd6 cxd4
16.Bxd4 Bxd6 17.Nc4 Be7 18.Nfe5 Nxe5 19.Bxe5 f6 20.Bd6 Bxd6 21.Nxd6+ Ke7
22.Nc4 Rac8 23.Rfc1 Rhd8 24.Kf1 Bg6 25.Ke1 Be4 26.Ne3 f5 27.Rxc8 Rxc8 28.f3 f4
29.Nd1 Bf5 30.Nc3 g5 31.Rc1 Rc5 32.Ne2 Rxc1+ 33.Nxc1 e5 34.Ne2 Bd3 35.Nc3 h6
36.b4 Kd6 37.Kf2 Kc6 38.Ke1 Kd6 39.Kf2 Kc6 40.Ke1 Kd6 41.Kf2 Ke6 42.Ke1 Kf5
43.Kf2 h5 44.Ke1 g4 45.hxg4+ hxg4 46.Kf2 g3+ 47.Kg1 Ke6 48.Kh1 Kd6 49.Kg1 Kc6
50.Kh1 Kb6 51.Kg1 Kc6 52.Kh1 Kd6 53.Kg1 Ke7 54.Kh1 Ke6 55.Kg1 Kf5 56.Kh1 e4
57.Nxe4 Ke5 58.Kg1 Bb5 59.Nc5 Bc4 60.a3 Kd4 61.Ne4 Bb5 62.Nc5 Bc4 63.Ne4 Kd3
64.a4 Kd4 65.b5 axb5 66.axb5 Bxb5 67.Nd6 Bd3 68.Nc8 Kc5 69.Ne7 Kd6 70.Nc8+ Kc7
71.Ne7 Kd6 72.Nc8+ Ke6 73.Nb6 Bb5 74.Kh1 Kd6 75.Nc8+ Kd7 76.Nb6+ Kc6 77.Nc8 Bd3
78.Ne7+ Kd6 79.Nc8+ Kc5 80.Ne7 Bc2 81.Kg1 Kd6 82.Nc8+ Ke6 83.Na7 Ba4 84.Nc8 Bb3
85.Na7 Ba4 86.Nc8 Bb5 87.Nb6 Kd6 88.Nc8+ Kd7 89.Nb6+ Kc6 90.Nc8 Kd7 91.Nb6+ Ke6
92.Kh1 Ba6 93.Na4 Kd6 94.Kg1 Kc6 95.Kh1 Bd3 96.Nc3 Kc5 97.Kg1 Kd4 98.Na4 Bc4
99.Nb6 Be6 100.Na4 Bf5 101.Kf1 Bd7 102.Nb6 Be6 103.Kg1 Bf5 104.Na4 Bd3 105.Nb6 Bb5
106.Nc8 Ke5 107.Ne7 Bd7 108.Ng6+ Kf5 109.Ne7+ Ke5 110.Ng6+ Kf5 111.Ne7+ Kf6
112.Nd5+ Ke5 113.Nb6 Be6 114.Kf1 Bb3 115.Nd7+ Kd6 116.Nf6 Bc2 117.Kg1 Bg6
118.Kf1 Ke6 119.Ng4 Bd3+ 120.Ke1 Kf5 121.Nf2 Bb5 122.Ne4 Ke5 123.Nc3 Bd3
124.Ne2 Ba6 125.Kf1 Kd5 126.Ke1 Bxe2 127.Kxe2 Kc4 128.Kf1 Kd3 129.Kg1 Ke2
130.Kh1 Kf1  1/2-1/2

[Event "Berlin op"]
[Site "Berlin-West"]
[Date "1988.??.??"]
[Round "7"]
[White "Wahls, Matthias"]
[Black "Lukov, Valentin"]
[Result "0-1"]
[WhiteElo "2460"]
[BlackElo "2465"]

1.e4 c5 2.Nf3 d6 3.Bb5+ Bd7 4.Bxd7+ Qxd7 5.O-O Nf6 6.e5 Nd5 7.d4 e6 8.c4 Nc7
9.dxc5 dxc5 10.Qe2 Be7 11.Rd1 Qc8 12.Nc3 O-O 13.Bg5 Nc6 14.Ne4 Ne8 15.Rd3 f6
16.exf6 gxf6 17.Bh6 Rf7 18.Rad1 e5 19.Nc3 Ng7 20.Bxg7 Rxg7 21.Nd5 Qg4 22.Ne3 Qe6
23.Rd5 Nd4 24.Nxd4 exd4 25.Rd3 Bf8  0-1

[Event "Berlin op"]
[Site "Berlin-West"]
[Date "1988.??.??"]
[Round "7"]
[White "Lorenz, Sascha"]
[Black "Szekely, Peter"]
[Result "1/2-1/2"]
[WhiteElo "2225"]
[BlackElo "2420"]

1.e4 c5 2.Nf3 d6 3.Bb5+ Bd7 4.Bxd7+ Qxd7 5.O-O e6 6.d4 cxd4 7.Nxd4 Nf6 8.Nc3 Nc6
9.Nb3 Be7 10.Be3 O-O 11.f4 b5 12.e5 dxe5 13.Nxb5 Qxd1 14.Raxd1 Nd5 15.Bc1 a6
16.Nc3 Nxc3 17.bxc3 Rfd8 18.fxe5 Nxe5 19.Bf4 Nc4 20.Bc7 Rdc8 21.Rd7 Bf6 22.Rf4 Ne3
23.Ba5 Nd5 24.Rf3 Rc4 25.a3 h6 26.Kf1 Rac8 27.Ra7 R4c6 28.Nd4 Rd6 29.Ne2 Rdc6
30.Nd4 Rd6 31.Ne2 Rc4 32.Ra8+ Kh7 33.Ra7 Kg8 34.Ra8+ Kh7  1/2-1/2

[Event "Berlin op"]
[Site "Berlin-West"]
[Date "1988.??.??"]
[Round "9"]
[White "Wahls, Matthias"]
[Black "Perenyi, Bela"]
[Result "1-0"]
[WhiteElo "2460"]
[BlackElo "2455"]

1.e4 c5 2.Nf3 d6 3.Bb5+ Nc6 4.O-O Bg4 5.h3 Bh5 6.c3 e6 7.d4 cxd4 8.cxd4 a6
9.Bxc6+ bxc6 10.Qa4 Qd7 11.Nfd2 Nf6 12.Nc3 Be7 13.g4 Bg6 14.f4 d5 15.f5 dxe4
16.fxg6 hxg6 17.Kg2 e5 18.Qd1 e3 19.Nf3 Nxg4 20.dxe5 Qxd1 21.Rxd1 Nf2 22.Re1 Nd3
23.Rxe3 Nf4+ 24.Kg3 g5 25.h4 Nd5 26.Re4 gxh4+ 27.Nxh4 Rb8 28.Nf3 Rh1 29.Kg2 Rh5
30.Nxd5 cxd5 31.Re2 Rb4 32.Be3 Rg4+ 33.Kf2 Rf5 34.Rd2 Bh4+ 35.Ke2 Rg2+ 36.Kd3 Rxd2+
37.Nxd2 Rxe5 38.Nf3 Re4 39.Bd4 g5 40.Rh1 Rf4 41.Nxh4 gxh4 42.Be3 Rg4 43.Bf2 Rf4
44.Be1 Ra4 45.a3 Re4 46.Bf2 Rf4 47.Bd4 a5 48.Be3 Rg4 49.Bd2 a4 50.Rf1 Rg3+
51.Be3  1-0

[Event "Bielsko Biala"]
[Site "Bielsko Biala"]
[Date "1988.??.??"]
[Round "9"]
[White "Gizynski, Tomasz"]
[Black "Staniszewski, Piotr"]
[Result "0-1"]
[WhiteElo "2325"]
[BlackElo "2440"]

1.e4 c5 2.Nf3 d6 3.Bb5+ Bd7 4.Bxd7+ Qxd7 5.c4 Nc6 6.d4 cxd4 7.Nxd4 g6 8.Nc3 Bg7
9.Be3 Nf6 10.f3 O-O 11.O-O Rfc8 12.b3 Rab8 13.Rc1 a6 14.Qd2 Nxd4 15.Bxd4 b5
16.Nd5 Nxd5 17.cxd5 Bxd4+ 18.Qxd4 Rc7 19.h3 Rbc8 20.Qd2 a5 21.Kh2 b4 22.Rxc7 Qxc7
23.Qd4 Qc3 24.Rd1 Rc5 25.Kg3 Qc2 26.Rd2 Qc1 27.h4 Qb1 28.Qf2 Rc3 29.Qe2 Kg7
30.Rb2 Qc1 31.Qd2 Qa1 32.Qd4+ f6 33.Rd2 h6 34.Qa7 Kf7 35.Qd4 g5 36.hxg5 hxg5
37.Qf2 Qh1 38.Kg4 Kg6  0-1

[Event "Brocco op"]
[Site "Brocco"]
[Date "1988.??.??"]
[Round "?"]
[White "Dueckstein, Andreas"]
[Black "Toth, Bela"]
[Result "1-0"]
[WhiteElo "2360"]
[BlackElo "2385"]

1.e4 c5 2.Nf3 d6 3.Bb5+ Nd7 4.d4 cxd4 5.Qxd4 e6 6.Nc3 a6 7.Bg5 Qc7 8.Bxd7+ Bxd7
9.O-O f6 10.Be3 Ne7 11.a4 Nc6 12.Qc4 Rc8 13.Nd2 Ne5 14.Qe2 Be7 15.f4 Nc4
16.Nxc4 Qxc4 17.Qh5+ g6 18.Qh6 Kf7 19.Rad1 Qb4 20.f5 exf5 21.exf5 Bc6 22.Bd4 Rcg8
23.Rfe1 Bd8 24.Qe3 Re8 25.Qf2 Qa5 26.Rxe8 Rxe8 27.Qh4 Kg7 28.Rf1 Rf8 29.b4 Qc7
30.fxg6 hxg6 31.b5 axb5 32.axb5 Be8 33.Nd5 Qf7 34.Nxf6 Bxf6 35.Bxf6+ Qxf6
36.Rxf6 Rxf6 37.Qe4 Bf7 38.Qxb7 Rf5 39.b6 Rc5 40.Qa7 Rxc2 41.Qa1+  1-0